Sports Quiz

Random Sports or NCAA Quiz

Match the Big South Schools to their Locations Quiz Stats

 Plays Quiz not verified by Sporcle

Score 0/11 Timer 02:00
0 Plays Today
% Correct
Hampton
100%
Charleston Southern
97.5%
High Point
97.5%
Radford
95%
UNCA
92.5%
South Carolina Upstate
82.5%
Winthrop
67.5%
Gardner–Webb
65%
Campbell
62.5%
Longwood
52.5%
Presbyterian
47.5%

You're not logged in!

Compare scores with friends on all Sporcle quizzes.
OR
Log In

You Might Also Like...

Show Comments

Extras

Top Quizzes Today


Score Distribution

Your Account Isn't Verified!

In order to create a playlist on Sporcle, you need to verify the email address you used during registration. Go to your Sporcle Settings to finish the process.

Report this User

Report this user for behavior that violates our Community Guidelines.

Details: